Language Quiz

Random Language or Italian Quiz

Italian: Time Quiz Stats

 Plays Quiz Updated Feb 20, 2020

Support Sporcle.
Go Orange.
Score 0/14 Timer 05:00
2 Plays Today
English Italian % Correct
Minuteil minuto
89.9%
Yearl'anno
81.8%
Nightla notte
79%
Secondil secondo
77.2%
Hourl'ora
76.6%
Dayil giorno
76.3%
Weekla settimana
62.3%
English Italian % Correct
Monthil mese
55.4%
At midnightA mezzanotte
54.8%
At noonA mezzogiorno
49.8%
In the Morningdi mattino
49.5%
Latetardi
44.6%
In the afternoondi pomeriggio
41.2%
Earlypresto
36.7%

You're not logged in!

Compare scores with friends on all Sporcle quizzes.
OR
Log In

From the Vault

Greek Mythology in Society

by rhymenoceraus

You might be surprised to learn how much you know about Greek Mythology.
Remove Ads.
Support Sporcle.
Get the best of Sporcle when you Go Orange. This ad-free experience offers more features, more stats, and more fun while also helping to support Sporcle. Thank you for becoming a member.

Show Comments

Extras

Top Quizzes Today


Score Distribution

Your Account Isn't Verified!

In order to create a playlist on Sporcle, you need to verify the email address you used during registration. Go to your Sporcle Settings to finish the process.

Report this User

Report this user for behavior that violates our Community Guidelines.

Details: